00637nam a2200193Ia 4500008004100000020001400041082001800055100002200073245003700095250000800132260006000140300002800200500001900228600002700247650001500274942000700289952013200296999001500428240925s9999 xx 000 0 und d a750698667 a621.38103 GRA aRudolf , F. Graf 0aModern Dictionary of Electronics a7th aNew Delhi:bNew Age International (Pvt) Limitedc,1999. axvi,472p.bNAfOriginal aIncludes Index aElectronic Engineering aTechnology cBK 001040708ELaUITUbUITUd2003-02-26eS.S. Book Agencyg4936.98l0o621.38103 GRApQ4966r2024-09-25 07:13:41w2024-09-25yBK c7465d7465